<?xml version="1.0" encoding="UTF-8"?>
<record
    xmlns:xsi="http://www.w3.org/2001/XMLSchema-instance"
    xsi:schemaLocation="http://www.loc.gov/MARC21/slim http://www.loc.gov/standards/marcxml/schema/MARC21slim.xsd"
    xmlns="http://www.loc.gov/MARC21/slim">

  <leader>02762cam a22003495a 4500</leader>
  <controlfield tag="001">18511162</controlfield>
  <controlfield tag="003">EG-ScBUE</controlfield>
  <controlfield tag="005">20220508103733.0</controlfield>
  <controlfield tag="008">150302s2015    enka   f bd   001 0 eng d</controlfield>
  <datafield tag="020" ind1=" " ind2=" ">
    <subfield code="a">1472525019</subfield>
  </datafield>
  <datafield tag="020" ind1=" " ind2=" ">
    <subfield code="a">9781472525017</subfield>
  </datafield>
  <datafield tag="040" ind1=" " ind2=" ">
    <subfield code="a">DLC</subfield>
    <subfield code="b">eng</subfield>
    <subfield code="e">rda</subfield>
    <subfield code="c">DLC</subfield>
    <subfield code="d">EG-ScBUE </subfield>
  </datafield>
  <datafield tag="082" ind1="0" ind2="4">
    <subfield code="a">418.0072</subfield>
    <subfield code="2">22</subfield>
    <subfield code="b">RES</subfield>
  </datafield>
  <datafield tag="245" ind1="0" ind2="0">
    <subfield code="a">Research methods in applied linguistics :</subfield>
    <subfield code="b">a practical resource /</subfield>
    <subfield code="c">edited by Brian Paltridge and Aek Phakiti.</subfield>
  </datafield>
  <datafield tag="264" ind1=" " ind2="1">
    <subfield code="a">London ;</subfield>
    <subfield code="a">New York :</subfield>
    <subfield code="b">Bloomsbury Academic,</subfield>
    <subfield code="c">2015.</subfield>
  </datafield>
  <datafield tag="300" ind1=" " ind2=" ">
    <subfield code="a">xv, 590 pages :</subfield>
    <subfield code="b">illustrations ;</subfield>
    <subfield code="c">25 cm.</subfield>
  </datafield>
  <datafield tag="336" ind1=" " ind2=" ">
    <subfield code="2">rdacontent</subfield>
    <subfield code="a">text</subfield>
    <subfield code="b">txt</subfield>
  </datafield>
  <datafield tag="337" ind1=" " ind2=" ">
    <subfield code="2">rdamedia</subfield>
    <subfield code="a">unmediated</subfield>
    <subfield code="b">n</subfield>
  </datafield>
  <datafield tag="338" ind1=" " ind2=" ">
    <subfield code="2">rdacarrier</subfield>
    <subfield code="a">volume</subfield>
    <subfield code="b">nc</subfield>
  </datafield>
  <datafield tag="490" ind1="0" ind2=" ">
    <subfield code="a">Research methods in linguistics</subfield>
  </datafield>
  <datafield tag="500" ind1=" " ind2=" ">
    <subfield code="a">Includes glossary.
</subfield>
  </datafield>
  <datafield tag="504" ind1=" " ind2=" ">
    <subfield code="a">Includes bibliographical references and index.
</subfield>
  </datafield>
  <datafield tag="505" ind1=" " ind2=" ">
    <subfield code="a">Approaches and methods in applied linguistics research / Aek Phakiti and Brian Paltridge --  Quantitative research and analysis / Aek Phakiti -- Qualitative research and analysis / Adrian Holliday -- Mixed methods research and analysis / Nataliya V. Ivankova and Jennifer L. Greer -- Survey research / Elvis Wagner -- Experimental research / Susan Gass --
7. Case studies / Christine Pearson Casanave -- Ethnographic research / Sue Starfield -- Critical research in applied linguistics / Steven Talmy -- Narrative inquiry / Gary Barkhuizen -- Action research / Anne Burns -- Discourse analysis / Brian Paltridge and Wei Wang -- Research synthesis / Lourdes Ortega --
Ethics and applied linguistics research / Peter De Costa --
Developing a research project / Brian Paltridge and Aek Phakiti -- Researching speaking / Rebecca Hughes -- Researching listening / Larry Vandergrift -- Researching reading / Marie Stevenson -- Researching writing / Ken Hyland -- Researching grammar / Neomy Storch -- Researching vocabulary / David Hirsh -- Researching pragmatics / Carsten Roever -- Researching motivation / Lindy Woodrow -- Researching language learner strategies / Heath Rose -- Researching young learners / Annamaria Pinter -- Researching language classrooms / Lesley Harbon and Hizhong Shen -- Researching language testing and assessment / John Read -- Researching teachers' beliefs / Simon Borg -- Researching language and gender / Jane Sunderland -- Researching language and identity / David Block -- Researching language teacher education / Simon Borg.</subfield>
  </datafield>
  <datafield tag="650" ind1=" " ind2="7">
    <subfield code="a">Applied linguistics</subfield>
    <subfield code="x">Research.</subfield>
    <subfield code="2">BUEsh</subfield>
    <subfield code="9">40534</subfield>
  </datafield>
  <datafield tag="650" ind1=" " ind2="7">
    <subfield code="a">Applied linguistics</subfield>
    <subfield code="x">Methodology.</subfield>
    <subfield code="2">BUEsh</subfield>
    <subfield code="9">40533</subfield>
  </datafield>
  <datafield tag="651" ind1=" " ind2=" ">
    <subfield code="2">BUEsh</subfield>
  </datafield>
  <datafield tag="653" ind1=" " ind2=" ">
    <subfield code="c">July2016</subfield>
    <subfield code="b">HHUUEENN</subfield>
  </datafield>
  <datafield tag="655" ind1=" " ind2=" ">
    <subfield code="v">Reading book</subfield>
    <subfield code="9">34232</subfield>
  </datafield>
  <datafield tag="700" ind1="1" ind2=" ">
    <subfield code="a">Paltridge, Brian,</subfield>
    <subfield code="e">editor.</subfield>
    <subfield code="9">40531</subfield>
  </datafield>
  <datafield tag="700" ind1="1" ind2=" ">
    <subfield code="a">Phakiti, Aek,</subfield>
    <subfield code="e">editor.</subfield>
    <subfield code="9">40532</subfield>
  </datafield>
  <datafield tag="942" ind1=" " ind2=" ">
    <subfield code="2">ddc</subfield>
    <subfield code="e">22</subfield>
    <subfield code="k">418.0072 RES</subfield>
    <subfield code="c">BB</subfield>
  </datafield>
  <datafield tag="999" ind1=" " ind2=" ">
    <subfield code="c">22068</subfield>
    <subfield code="d">22040</subfield>
  </datafield>
  <datafield tag="952" ind1=" " ind2=" ">
    <subfield code="0">0</subfield>
    <subfield code="1">0</subfield>
    <subfield code="2">ddc</subfield>
    <subfield code="4">0</subfield>
    <subfield code="7">0</subfield>
    <subfield code="8">Baccah</subfield>
    <subfield code="a">MAIN</subfield>
    <subfield code="b">MAIN</subfield>
    <subfield code="c">2ND</subfield>
    <subfield code="d">2016-07-28</subfield>
    <subfield code="e">Purchase</subfield>
    <subfield code="g">755.00</subfield>
    <subfield code="h">25968</subfield>
    <subfield code="l">2</subfield>
    <subfield code="m">9</subfield>
    <subfield code="o">418.0072 RES</subfield>
    <subfield code="p">000032943</subfield>
    <subfield code="r">2025-07-15 00:00:00</subfield>
    <subfield code="s">2025-03-15</subfield>
    <subfield code="v">944.00</subfield>
    <subfield code="w">2016-07-28</subfield>
    <subfield code="y">BB</subfield>
  </datafield>
</record>
